000 00684cam a2200253 4500500
005 20260329002937.0
041 _afre
042 _adc
100 1 0 _aDuru, Martin
_eauthor
245 0 0 _a7 nuances de masochisme
260 _c2014.
500 _a11
690 _aDeleuze
690 _aMasochisme
690 _aParaphiliae
690 _aPascal Quignard
690 _aReik
690 _aSade
690 _aSartre
690 _aSexualité
690 _aVon Krafft-Ebing
786 0 _nPhilosophie magazine | 78 | 4 | 2014-04-01 | p. 45-45 | 1951-1787
856 4 1 _uhttps://shs.cairn.info/magazine-philosophie-magazine-2014-4-page-45?lang=fr&redirect-ssocas=7080
999 _c1819849
_d1819849